[Event "Brno /Olexa/"]
[Site "?"]
[Date "2024.12.28"]
[Round "3"]
[White "Sknouril, Jakub"]
[Black "Zacek, Petr"]
[Result "1/2-1/2"]
[WhiteElo "1940"]
[BlackElo "1928"]
[PlyCount "59"]
[EventDate "2024.12.??"]

{[%evp 0,59,38,38,32,32,24,18,37,53,54,52,52,44,51,37,51,38,73,17,17,19,33,21,27,31,38,53,53,-39,11,-7,-7,-39,-33,-26,-24,-49,-45,-45,-47,-46,-51,-47,-30,-43,-11,-31,-24,-17,-24,-17,-12,-31,-13,-37,0,-5,-12,-33,0,-58]} 1. e4 e6 2. Nc3 d5 3. Nf3 dxe4 4. Nxe4 Nd7 5. d4 Ngf6 6. Nxf6+ Nxf6 7. Bd3 Be7 8. O-O O-O 9. Bf4 b6 10. Qe2 Bb7 11. Rad1 Rc8 12. Rfe1 Re8 13. Ne5 Qd5 14. Nf3 Qh5 15. Ne5 Qxe2 {(R)} 16. Rxe2 c5 17. dxc5 Bxc5 18. Bb5 Red8 19. Rxd8+ Rxd8 20. Rd2 Rxd2 21. Bxd2 Ne4 22. Be1 a6 23. Bd3 Nf6 24. Be2 b5 25. Nd3 Bb6 26. Nc1 Kf8 27. Nb3 Ke8 28. Ba5 Ba7 29. Be1 g6 {(R)} 30. g4 1/2-1/2

[Event "Brno /Olexa/"]
[Site "?"]
[Date "2024.12.28"]
[Round "3"]
[White "Mudrak, Josef"]
[Black "Levchenko, Alisa"]
[Result "1-0"]
[WhiteElo "2194"]
[BlackElo "1700"]
[PlyCount "89"]
[EventDate "2024.12.??"]

1. d4 d5 2. Nf3 Nf6 3. g3 c6 4. Bg2 g6 5. O-O Bg7 6. c4 O-O 7. b3 Bg4 8. Nc3 Bxf3 9. Bxf3 e6 10. Bb2 Qc7 11. Rc1 Qe7 12. Qc2 Nbd7 13. Rfd1 Rfd8 14. a3 Nb6 15. c5 Nbd7 16. b4 a6 17. Rb1 e5 18. e3 e4 19. Bg2 Ne8 20. a4 b5 21. cxb6 Nxb6 22. Bc1 Rdb8 23. a5 Nc4 24. Nxe4 Qc7 25. Nc5 Ned6 26. e4 dxe4 27. Nxe4 Nxe4 28. Qxc4 Nd6 29. Qxc6 Qxc6 30. Bxc6 Ra7 31. Bf4 Rd8 32. d5 Nb5 33. Be3 Re7 34. Bb6 Rc8 35. d6 Nxd6 36. Rxd6 Re6 37. Rxe6 fxe6 38. Bb7 Re8 39. Bxa6 Kf7 40. Bb7 Rb8 41. a6 Bc3 42. Bc7 Re8 43. a7 Re7 44. Bd6 Rxb7 45. a8=Q 1-0

[Event "Brno /Olexa/"]
[Site "?"]
[Date "2024.12.28"]
[Round "3"]
[White "Nerud, Matous"]
[Black "Kapusta, Petr"]
[Result "1/2-1/2"]
[WhiteElo "1918"]
[BlackElo "2123"]
[PlyCount "140"]
[EventDate "2024.12.??"]

1. c4 Nf6 2. Nc3 g6 3. e4 d6 4. g3 Bg7 5. Bg2 O-O 6. d3 e5 7. Nge2 Nc6 8. O-O Be6 9. h3 Qd7 10. Kh2 Nh5 11. g4 Nf6 12. f4 exf4 13. Nxf4 Ne5 14. Nfd5 Bxd5 15. Nxd5 Nxd5 16. cxd5 f5 17. d4 Nc4 18. Qd3 Nb6 19. exf5 gxf5 20. gxf5 Qf7 21. f6 Bxf6 22. Bh6 Rfe8 23. Qg3+ Kh8 24. Bg5 Nd7 25. Rxf6 Nxf6 26. Rf1 Rf8 27. Qh4 Kg7 28. Qh6+ Kg8 29. Bxf6 Qg6 30. Qxg6+ hxg6 31. Bh4 Rxf1 32. Bxf1 Rf8 33. Kg2 Rf4 34. Bf2 Kg7 35. Kg3 Rf5 36. Bg2 Rg5+ 37. Kh2 Rf5 38. Kg3 Rg5+ 39. Kh2 Rf5 40. Bh4 Rf4 41. Bd8 Rf7 42. Kg3 Rd7 43. Bg5 Rf7 44. h4 Rf5 45. Bf3 Rf8 46. Kg2 Re8 47. Kf2 Rf8 48. Ke2 Re8+ 49. Kd2 Rf8 50. Bg4 Rf2+ 51. Kc3 Rf8 52. Be6 Rf3+ 53. Kc2 Rf2+ 54. Kb3 Rf3+ 55. Kc4 Rf2 56. Kc3 Rf3+ 57. Kc4 Rf2 58. Kb3 Rf3+ 59. Kb4 Rf2 60. Ka3 Rf3+ 61. b3 Rf8 62. Kb4 Re8 63. Kc4 Rf8 64. a4 Re8 65. b4 Rf8 66. b5 b6 67. Kb4 Re8 68. a5 Rf8 69. axb6 axb6 70. Kc4 Ra8 1/2-1/2

[Event "Brno /Olexa/"]
[Site "?"]
[Date "2024.12.28"]
[Round "3"]
[White "Svobodova, Michaela"]
[Black "Sorf, Ivo"]
[Result "1-0"]
[WhiteElo "2001"]
[BlackElo "1585"]
[PlyCount "67"]
[EventDate "2024.12.??"]

1. e4 e6 2. d4 d5 3. exd5 exd5 4. Nf3 Nf6 5. Bd3 Bg4 6. h3 Bxf3 7. Qxf3 Nc6 8. c3 Bd6 9. O-O h6 10. Re1+ Ne7 11. Nd2 c6 12. Nf1 Kd7 13. Ne3 Re8 14. Ng4 Neg8 15. Bf4 Rxe1+ 16. Rxe1 Qf8 17. Bxd6 Qxd6 18. Ne5+ Kc7 19. Nxf7 Qf8 20. Qf4+ Kb6 21. Ne5 g5 22. Qg3 Qg7 23. c4 a6 24. c5+ Ka7 25. Qe3 Qc7 26. b4 Rb8 27. a4 b6 28. b5 cxb5 29. axb5 axb5 30. Bxb5 Kb7 31. c6+ Kc8 32. Nd7 Ra8 33. Nxf6 Nxf6 34. Qe6+ 1-0

[Event "Brno /Olexa/"]
[Site "?"]
[Date "2024.12.28"]
[Round "3"]
[White "Divis, Jan"]
[Black "Pribyl, Rene"]
[Result "0-1"]
[WhiteElo "1708"]
[BlackElo "1901"]
[PlyCount "139"]
[EventDate "2024.12.??"]

1. d4 d5 2. Bf4 Nf6 3. e3 Bf5 4. Bd3 Bxd3 5. cxd3 c6 6. Nc3 e6 7. Nf3 Be7 8. Qb3 Qb6 9. Qxb6 axb6 10. O-O Nbd7 11. Rfc1 Nh5 12. Bg5 f6 13. Bh4 g5 14. Bg3 Nxg3 15. hxg3 Kf7 16. e4 b5 17. a3 b4 18. axb4 Bxb4 19. exd5 exd5 20. Na2 Bd6 21. Nc3 Rhe8 22. Kf1 Nf8 23. g4 Ne6 24. g3 Ng7 25. Kg2 h5 26. gxh5 Nxh5 27. Rh1 Ng7 28. g4 Kg6 29. Rhe1 Kf7 30. Ra2 Rxa2 31. Nxa2 Rxe1 32. Nxe1 Ne6 33. Nc1 Nxd4 34. Nf3 Nxf3 35. Kxf3 Ke6 36. d4 b6 37. b3 c5 38. dxc5 bxc5 39. Nd3 c4 40. bxc4 dxc4 41. Ne1 Kd5 42. Nc2 c3 43. Ke2 Kc4 44. f3 Bf4 45. Ne1 Bd6 46. Nc2 Bg3 47. Ne3+ Kb3 48. Kd3 Bf4 49. Nc2 Kb2 50. Nb4 Be5 51. Nc2 Kc1 52. Na3 Kd1 53. Nc2 Bd6 54. Ne3+ Ke1 55. Kxc3 Kf2 56. Kd3 Kxf3 57. Nc4 Bc5 58. Nd2+ Kxg4 59. Ne4 Be7 60. Ke2 f5 61. Nf2+ Kg3 62. Kf1 Bc5 63. Nd3 Bb6 64. Ne1 f4 65. Nd3 g4 66. Nc1 Kh2 67. Ne2 Be3 68. Nc3 g3 69. Ne2 g2+ 70. Ke1 0-1

[Event "Brno /Olexa/"]
[Site "?"]
[Date "2024.12.28"]
[Round "3"]
[White "Sorf, Filip"]
[Black "Neduchal, Jiri"]
[Result "1/2-1/2"]
[WhiteElo "1705"]
[BlackElo "1858"]
[PlyCount "36"]
[EventDate "2024.12.??"]

1. e4 c6 2. Nf3 d5 3. Nc3 Bg4 4. h3 Bxf3 5. Qxf3 e6 6. d4 dxe4 7. Qxe4 Nf6 8. Qe3 Bd6 9. Bd3 Nbd7 10. O-O O-O 11. Ne4 Nxe4 12. Qxe4 Nf6 13. Qh4 Be7 14. Re1 g6 15. Bg5 Nd5 16. Bxe7 Qxe7 17. Qxe7 Nxe7 18. c3 Rfd8 {(R)} 1/2-1/2

[Event "Brno /Olexa/"]
[Site "?"]
[Date "2024.12.28"]
[Round "3"]
[White "Bucek, Miroslav"]
[Black "Carbonai, Gabriele"]
[Result "0-1"]
[WhiteElo "1757"]
[BlackElo "1557"]
[PlyCount "90"]
[EventDate "2024.12.??"]

1. e4 e5 2. Nf3 Nc6 3. Bb5 a6 4. Ba4 d6 5. c3 Nf6 6. d4 b5 7. Bc2 Bb7 8. O-O Be7 9. Re1 O-O 10. Nbd2 exd4 11. cxd4 Nb4 12. Bb1 c5 13. a3 Nc6 14. d5 Ne5 15. Nxe5 dxe5 16. Nf3 Bd6 17. Bg5 h6 18. Bh4 Qe7 19. h3 Bc7 20. Qe2 Qd6 21. Bg3 Nd7 22. Nh4 g6 23. Bc2 c4 24. Rad1 Bc8 25. Nf3 Re8 26. Qe3 Kg7 27. Qe2 Nf6 28. Nd4 Nh7 29. h4 Nf6 30. Kh1 Bg4 31. f3 Bd7 32. Qd2 Nh5 33. Bh2 a5 34. Ne2 a4 35. Rf1 Ba5 36. Qc1 Bc7 37. f4 exf4 38. Nxf4 Kh7 39. g3 Nf6 40. h5 Nxe4 41. hxg6+ fxg6 42. Ne6 Bxe6 43. Bxe4 Bg8 44. Qc2 Rad8 45. Rd2 Rxe4 0-1

[Event "Brno /Olexa/"]
[Site "?"]
[Date "2024.12.28"]
[Round "3"]
[White "Horak, Hanus"]
[Black "Milicevic, David"]
[Result "0-1"]
[WhiteElo "1648"]
[BlackElo "1729"]
[PlyCount "44"]
[EventDate "2024.12.??"]

1. d4 d5 2. c4 e6 3. Nc3 Nf6 4. Bg5 Be7 5. Nf3 h6 6. Bh4 O-O 7. e3 Re8 8. Bd3 b6 9. O-O Bb7 10. Rc1 Nbd7 11. cxd5 exd5 12. Qe2 Ne4 13. Bxe7 Nxc3 14. Rxc3 Rxe7 15. Ba6 Qc8 16. Bxb7 Qxb7 17. b4 Nf6 18. Rfc1 Ne4 19. Rc6 Nd6 20. R6c3 a6 21. Nd2 Nb5 22. Rc6 Nxd4 0-1

[Event "Brno /Olexa/"]
[Site "?"]
[Date "2024.12.28"]
[Round "3"]
[White "Zeman, Arnost"]
[Black "Jurak, Stanislav"]
[Result "1-0"]
[WhiteElo "1781"]
[BlackElo "1761"]
[PlyCount "105"]
[EventDate "2024.12.??"]

{[%evp 0,104,29,-12,-18,-12,-28,-54,10,10,9,6,20,-4,3,-6,1,-15,0,-6,6,-5,-7,-7,-4,-8,13,3,17,17,54,54,65,54,57,29,104,60,66,69,58,64,61,36,54,75,89,71,94,101,109,82,122,56,56,56,56,-32,36,1,36,-45,70,83,161,139,148,96,120,111,89,-7,158,52,234,219,252,244,392,377,408,342,449,453,464,492,492,425,533,525,492,517,525,550,556,509,511,508,593,419,493,493,578,611,764,442,595]} 1. c4 e5 2. Nc3 Nf6 3. g3 Be7 4. Bg2 O-O 5. Nf3 d6 6. d3 Nc6 7. O-O Rb8 8. Rb1 Bg4 9. Nd5 Re8 10. Nxe7+ Qxe7 11. h3 Bd7 12. e4 h6 13. Bd2 Kh7 14. b4 a6 15. b5 axb5 16. cxb5 Nd8 17. Nh4 Ng8 18. a4 Ne6 19. Nf5 Qf8 20. b6 c5 21. f4 g6 22. Ne3 Nd4 23. fxe5 Rxe5 24. Nc4 Re6 25. Bf4 Kg7 26. e5 g5 27. Be3 dxe5 28. Bd5 Re7 29. g4 Be6 30. Be4 f6 31. Nxe5 Bf7 32. Bxd4 cxd4 33. Nf3 Qd8 34. a5 Qd6 35. Kg2 Ra8 36. Qa4 Bd5 37. Nxd4 Bxe4+ 38. dxe4 Re5 39. Nf5+ Rxf5 40. gxf5 Qd2+ 41. Rf2 Qe3 42. Rb3 Qc5 43. Qb5 Qd4 44. Qd3 Qe5 {(R)} 45. Rb5 Qe8 46. Rd5 Kh8 47. Rd2 Qa4 48. Qd4 Qe8 49. Kg3 h5 50. Rc5 Qb8+ 51. Rc7 Qe8 52. Re2 Rb8 53. Qd5 1-0

[Event "Brno /Olexa/"]
[Site "?"]
[Date "2024.12.28"]
[Round "3"]
[White "Hala, Pavel"]
[Black "Slegl, Milan"]
[Result "0-1"]
[WhiteElo "1697"]
[BlackElo "1631"]
[PlyCount "116"]
[EventDate "2024.12.??"]

1. c4 Nf6 2. Nc3 g6 3. e4 d6 4. h3 Bg7 5. d3 c5 6. Nge2 Nc6 7. g3 Nd7 8. Bg2 a6 9. O-O O-O 10. f4 e6 11. Rb1 Rb8 12. b3 Nd4 13. Be3 b5 14. Qd2 b4 15. Na4 f5 16. Bxd4 cxd4 17. Kh2 Qc7 18. Ng1 a5 19. Rbe1 Bb7 20. h4 Nf6 21. Bf3 Ng4+ 22. Bxg4 fxg4 23. Qe2 h5 24. Qb2 Rbe8 25. Ne2 e5 26. Qd2 Bh6 27. Qc2 Kh7 28. c5 dxc5 29. Qxc5 Qxc5 30. Nxc5 Bc8 31. Rc1 exf4 32. gxf4 Bg7 33. Ng3 Kg8 34. Na4 Bf6 35. Ne2 Bxh4 36. Rc5 Ba6 37. Nb2 Rc8 38. Rfc1 Bf2 39. Rxc8 Rxc8 40. Rxc8+ Bxc8 41. Nc4 h4 42. Ng1 Bg3+ 43. Kg2 Bxf4 44. Ne2 h3+ 45. Kh1 g5 46. Nxd4 Ba6 47. Ne2 Bxc4 48. bxc4 g3 49. Kg1 a4 50. c5 Be3+ 51. Kh1 g2+ 52. Kh2 Bxc5 53. d4 g1=Q+ 54. Kxg1 Ba7 55. Kh2 g4 56. Kg3 b3 57. axb3 axb3 58. e5 b2 0-1

[Event "Brno /Olexa/"]
[Site "?"]
[Date "2024.12.28"]
[Round "3"]
[White "Nisztuk, Michal"]
[Black "Fox, Viktor"]
[Result "1-0"]
[WhiteElo "1622"]
[BlackElo "1754"]
[PlyCount "65"]
[EventDate "2024.12.??"]

1. e4 c6 2. d4 d5 3. exd5 cxd5 4. c4 Nf6 5. Nc3 g6 6. Nf3 Bg4 7. cxd5 Bg7 8. Bb5+ Nbd7 9. O-O O-O 10. h3 Bxf3 11. Qxf3 a6 12. Ba4 b5 13. Bb3 Nb6 14. Bg5 Qd7 15. Bxf6 Bxf6 16. d6 Qxd6 17. Ne4 Qxd4 18. Rad1 Qxb2 19. Rd2 Qe5 20. Rfd1 Bg7 21. h4 Bh6 22. Rd3 Qf4 23. Qe2 Rac8 24. Ng3 Qc7 25. h5 Bg7 26. hxg6 hxg6 27. Qe4 Rfd8 28. Qxg6 e6 29. Bxe6 fxe6 30. Qxe6+ Kh8 31. Nf5 Rxd3 32. Rxd3 Qe5 33. Rh3+ 1-0

[Event "Brno /Olexa/"]
[Site "?"]
[Date "2024.12.28"]
[Round "3"]
[White "Prihoda, Josef"]
[Black "Kapustova, Ema"]
[Result "1-0"]
[WhiteElo "1631"]
[BlackElo "1549"]
[PlyCount "41"]
[EventDate "2024.12.??"]

1. e4 e5 2. Nc3 Nf6 3. f4 Nc6 4. fxe5 Nxe5 5. d4 Nc6 6. e5 Qe7 7. Nf3 d6 8. Qe2 Nh5 9. Nd5 Qd7 10. exd6+ Kd8 11. dxc7+ Qxc7 12. Nxc7 Kxc7 13. d5 Ne7 14. Qe5+ Kd8 15. Qxh5 g6 16. Qe5 Rg8 17. Qd6+ Bd7 18. Ne5 Kc8 19. Qxd7+ Kb8 20. Nc6+ bxc6 21. Bf4# 1-0

[Event "Brno /Olexa/"]
[Site "?"]
[Date "2024.12.28"]
[Round "4"]
[White "Jires, Jiri"]
[Black "Wunsch, Radek"]
[Result "1-0"]
[WhiteElo "2134"]
[BlackElo "1980"]
[PlyCount "81"]
[EventDate "2024.12.??"]

1. e4 Nc6 2. d4 e5 3. dxe5 Nxe5 4. Nf3 d6 5. Nc3 Nf6 6. Nd4 Be7 7. f4 Ned7 8. Qf3 O-O 9. Be3 Nb6 10. h3 d5 11. e5 Ne8 12. Nb3 f6 13. Bxb6 axb6 14. Qxd5+ Kh8 15. O-O-O Qxd5 16. Nxd5 Bc5 17. Nxc5 bxc5 18. exf6 Rxa2 19. Kb1 Ra8 20. fxg7+ Kxg7 21. Re1 c6 22. Nb6 Rb8 23. Bd3 Bf5 24. Re7+ Kh8 25. Nd7 Bxd7 26. Rxh7+ Kg8 27. Rxd7 Rxf4 28. Rf1 Rxf1+ 29. Bxf1 b5 30. Be2 c4 31. Bf3 Rc8 32. Bg4 Rb8 33. Be6+ Kh8 34. g4 Ng7 35. Bf7 Rf8 36. h4 Kh7 37. g5 Kh8 38. h5 Nf5 39. g6 Rc8 40. Be6 Rf8 41. Rh7# 1-0

[Event "Brno /Olexa/"]
[Site "?"]
[Date "2024.12.28"]
[Round "4"]
[White "Zacek, Petr"]
[Black "Mudrak, Josef"]
[Result "0-1"]
[WhiteElo "1928"]
[BlackElo "2194"]
[PlyCount "82"]
[EventDate "2024.12.??"]

1. d4 Nf6 2. Nf3 d6 3. g3 Nbd7 4. Bg2 e5 5. dxe5 dxe5 6. O-O Be7 7. Nc3 c6 8. e4 b5 9. a3 Qc7 10. b3 O-O 11. Bb2 Re8 12. Re1 a5 13. Nb1 Bc5 14. Nh4 Nf8 15. h3 Ne6 16. Nf3 Nd7 17. Nbd2 Ba6 18. c3 f6 19. b4 Ba7 20. Nf1 Kh8 21. Ne3 Nb6 22. Rc1 Rad8 23. Qc2 c5 24. Red1 Bb7 25. Qe2 axb4 26. axb4 Bxe4 27. Qxb5 c4 28. Nd2 Bxg2 29. Kxg2 Qb7+ 30. Kg1 Nc7 31. Qa5 Ra8 32. Qa2 Nbd5 33. Qxc4 Bxe3 34. fxe3 Nxe3 35. Qe2 Nxd1 36. Qxd1 Red8 37. Qc2 Qb6+ 38. Kf1 Qe3 39. Ne4 Ra2 40. Re1 Qf3+ 41. Kg1 f5 0-1

[Event "Brno /Olexa/"]
[Site "?"]
[Date "2024.12.28"]
[Round "4"]
[White "Vyskocil, Neklan"]
[Black "Hajek, Oskar"]
[Result "1-0"]
[WhiteElo "2260"]
[BlackElo "2265"]
[PlyCount "83"]
[EventDate "2024.12.??"]

1. e4 g6 2. d4 Bg7 3. Nc3 d6 4. g3 Nf6 5. Bg2 O-O 6. Nge2 c5 7. dxc5 dxc5 8. Qxd8 Rxd8 9. e5 Ng4 10. f4 Nc6 11. a3 Nd4 12. Nxd4 cxd4 13. Nd5 Kf8 14. h3 Nh6 15. Bd2 Bf5 16. c3 Rac8 17. g4 Be6 18. Nb4 dxc3 19. Bxc3 Rd7 20. Rd1 Rcd8 21. Rxd7 Rxd7 22. O-O f6 23. Nc2 fxe5 24. fxe5+ Ke8 25. Re1 Kd8 26. Kh2 Ba2 27. Nd4 Kc8 28. Nf3 e6 29. Ng5 Nf7 30. Nxh7 Nxe5 31. Bxe5 Bxe5+ 32. Rxe5 Rxh7 33. Be4 Rd7 34. Bxg6 Rd2+ 35. Kg3 Rxb2 36. h4 Kd7 37. h5 Ke7 38. h6 Rb3+ 39. Kh4 Rb2 40. Kg5 Rh2 41. h7 Kf8 42. Rc5 1-0

[Event "Brno /Olexa/"]
[Site "?"]
[Date "2024.12.28"]
[Round "4"]
[White "Pribyl, Rene"]
[Black "Svobodova, Michaela"]
[Result "0-1"]
[WhiteElo "1901"]
[BlackElo "2001"]
[PlyCount "90"]
[EventDate "2024.12.??"]

{[%evp 0,90,19,9,18,-10,26,7,31,34,48,16,33,42,47,42,66,48,57,26,23,25,26,21,22,21,16,13,11,6,16,7,39,2,31,-11,9,-9,7,-5,-1,-18,40,-4,106,-83,20,3,34,-13,5,-10,-10,-23,-10,-18,-19,-36,-36,-36,-26,-41,-53,-76,-15,-35,-16,-35,-48,-84,-120,-177,-75,-94,-125,-133,-130,-140,-167,-178,-178,-201,-201,-217,-205,-207,-197,-187,-187,-176,-176,-179,-179]} 1. d4 d5 2. c4 c6 3. Nc3 Nf6 4. cxd5 cxd5 5. Bf4 Nc6 6. e3 a6 7. Bd3 Bg4 8. f3 Bh5 9. a3 e6 10. Nge2 Bd6 11. Bxd6 Qxd6 12. O-O Bg6 13. Nf4 Bxd3 14. Nxd3 O-O 15. b4 b5 16. f4 Ne7 17. Nc5 Nf5 18. Qe2 h5 19. Qd3 Rfb8 20. Rfe1 Ng4 21. g3 Qe7 22. Kg2 Ra7 23. h3 Nf6 24. Re2 Nd6 25. Rea2 a5 26. Rb1 a4 27. Ne2 Nfe4 28. Nc3 Nxc3 29. Qxc3 Nc4 30. Kf3 Qf6 31. Rh1 Nd6 32. Qd3 g6 33. Rg2 Nc4 34. Ra1 e5 35. Qc3 exd4 36. Qxd4 Qxd4 37. exd4 Re8 38. Re2 Rxe2 39. Kxe2 Re7+ 40. Kf2 Re3 41. Nd7 Kg7 42. Nb6 Rxa3 43. Rxa3 Nxa3 44. Nxd5 Nc2 45. Nc3 a3 0-1

[Event "Brno /Olexa/"]
[Site "?"]
[Date "2024.12.28"]
[Round "4"]
[White "Borkovec, Ondrej"]
[Black "Sknouril, Jakub"]
[Result "0-1"]
[WhiteElo "1788"]
[BlackElo "1940"]
[PlyCount "62"]
[EventDate "2024.12.??"]

1. d4 Nf6 2. Nf3 d5 3. c4 c6 4. g3 Bf5 5. Bg2 e6 6. O-O Bd6 7. Nc3 Nbd7 8. Nd2 O-O 9. e4 dxe4 10. Ndxe4 Nxe4 11. Nxe4 Be7 12. b3 Nf6 13. Nc3 Qa5 14. Bb2 Bg4 15. Qc2 Qh5 16. Rfe1 Bf5 17. Qe2 Qg6 18. Rad1 Rad8 19. d5 cxd5 20. cxd5 Bc5 21. dxe6 Bxe6 22. Rxd8 Rxd8 23. Bxb7 Bg4 24. Bf3 Qh5 25. Bxg4 Nxg4 26. h4 Bxf2+ 27. Kg2 Bxe1 28. Qxe1 Qh6 29. Kh3 Qd2 30. Qxd2 Rxd2 31. Ba3 h5 0-1

[Event "Brno /Olexa/"]
[Site "?"]
[Date "2024.12.28"]
[Round "4"]
[White "Carbonai, Gabriele"]
[Black "Nerud, Matous"]
[Result "0-1"]
[WhiteElo "1557"]
[BlackElo "1918"]
[PlyCount "139"]
[EventDate "2024.12.??"]

1. e4 c6 2. Nc3 d5 3. Nf3 Bg4 4. exd5 cxd5 5. d4 Nc6 6. h3 Bxf3 7. gxf3 e6 8. Be3 Nf6 9. Qd2 a6 10. a3 Bd6 11. Bd3 b5 12. Rg1 Ke7 13. Rxg7 Qa5 14. Ra2 Qb6 15. Bh6 Ke8 16. Ne2 b4 17. Bg5 Nh5 18. Rxh7 Rxh7 19. Bxh7 bxa3 20. c3 axb2 21. Rxb2 Qc7 22. Bd3 Be7 23. f4 a5 24. Bb5 a4 25. f5 a3 26. Ra2 Qb6 27. Bxc6+ Qxc6 28. Bxe7 Kxe7 29. Qg5+ Nf6 30. Qc1 Qa4 31. Qb1 Qa7 32. fxe6 fxe6 33. h4 Rh8 34. Qb4+ Kf7 35. Rxa3 Qc7 36. Qc5 Qxc5 37. dxc5 Rxh4 38. c6 Ne4 39. Ng3 Nxg3 40. Ra7+ Ke8 41. fxg3 Rc4 42. Ra8+ Ke7 43. Ra7+ Kd6 44. c7 Rxc3 45. Ra6+ Kd7 46. Ra8 Kxc7 47. g4 Kd7 48. Kf2 Ke7 49. g5 Kf7 50. Ra6 e5 51. Rd6 Rd3 52. Ke2 e4 53. Rf6+ Ke7 54. Rh6 Rg3 55. g6 Kf6 56. Rh5 Rd3 57. Rh6 Kg7 58. Rh1 Kxg6 59. Rf1 Kg5 60. Rf8 Kg4 61. Rf7 Rf3 62. Rd7 Rf5 63. Ke3 Rf3+ 64. Kd4 Rd3+ 65. Kc5 e3 66. Rg7+ Kf3 67. Rf7+ Ke2 68. Rh7 Kd2 69. Rh2+ e2 70. Rg2 0-1

[Event "Brno /Olexa/"]
[Site "?"]
[Date "2024.12.28"]
[Round "4"]
[White "Milicevic, David"]
[Black "Neduchal, Jiri"]
[Result "1/2-1/2"]
[WhiteElo "1729"]
[BlackElo "1858"]
[PlyCount "55"]
[EventDate "2024.12.??"]

1. d4 Nf6 2. c4 g6 3. Nc3 d5 4. e3 Bg7 5. Nf3 O-O 6. Bd3 c5 7. cxd5 Nxd5 8. O-O Nc6 9. Bc4 Nxc3 10. bxc3 Na5 11. Be2 b6 12. Bd2 Qc7 13. Rb1 Bf5 14. Rc1 c4 15. Qa4 a6 16. Nh4 Bd7 17. Qa3 e5 18. dxe5 Bxe5 19. Nf3 Bd6 20. Qb2 b5 21. Rfd1 Rad8 22. Be1 Bc6 23. h3 Qe7 24. Qa1 Ba3 25. Rxd8 Rxd8 26. Rd1 Nb7 27. Nd4 Bd5 28. Bf3 {(R)} 1/2-1/2

[Event "Brno /Olexa/"]
[Site "?"]
[Date "2024.12.28"]
[Round "4"]
[White "Hlavac, Tomas"]
[Black "Zeman, Arnost"]
[Result "1-0"]
[WhiteElo "1690"]
[BlackElo "1781"]
[PlyCount "43"]
[EventDate "2024.12.??"]

1. e4 c5 2. c3 e6 3. Nf3 Nc6 4. Bb5 Qb6 5. Na3 a6 6. Bxc6 Qxc6 7. Qe2 b5 8. O-O Bb7 9. Re1 d6 10. d4 O-O-O 11. Bf4 Nf6 12. Nd2 e5 13. dxe5 dxe5 14. Bxe5 h5 15. h3 Rh6 16. Rad1 Be7 17. Nc2 Rxd2 18. Qxd2 Rg6 19. f3 Nd7 20. Bh2 Bh4 21. Re2 Nb6 22. Qf4 1-0

[Event "Brno /Olexa/"]
[Site "?"]
[Date "2024.12.28"]
[Round "4"]
[White "Slegl, Milan"]
[Black "Sorf, Filip"]
[Result "0-1"]
[WhiteElo "1631"]
[BlackElo "1705"]
[PlyCount "106"]
[EventDate "2024.12.??"]

1. d4 Nf6 2. Nf3 e6 3. Nbd2 c5 4. c3 d5 5. Qc2 Nc6 6. e3 Bd7 7. Ne5 Rc8 8. Be2 cxd4 9. Nxc6 Rxc6 10. exd4 Bd6 11. Nf3 Qb8 12. Bd3 h6 13. Qe2 a6 14. Ne5 Rc7 15. O-O b5 16. a3 O-O 17. Bd2 Rfc8 18. Rae1 Rb7 19. Qf3 Be7 20. Qh3 h5 21. Re3 a5 22. Rg3 b4 23. Bg5 g6 24. Bxf6 Bxf6 25. Qxh5 Bxe5 26. dxe5 Be8 27. axb4 axb4 28. Qe2 bxc3 29. bxc3 Rxc3 30. h4 Rxd3 31. Rxd3 Bb5 32. Rfd1 Bxd3 33. Rxd3 Rb1+ 34. Kh2 Qb4 35. g3 Re1 36. Qf3 Rxe5 37. Rb3 Qd4 38. Qf6 Qa7 39. Qxe5 Qxf2+ 40. Kh3 Qf1+ 41. Kg4 Qc4+ 42. Kg5 Qxb3 43. Kh6 Kf8 44. g4 Qb6 45. g5 Qd8 46. Qg7+ Ke8 47. Qh8+ Kd7 48. Qe5 Qf8+ 49. Kh7 Qd8 50. Kg7 Qe7 51. Qf6 Qxf6+ 52. gxf6 Ke8 53. Kh6 d4 0-1

[Event "Brno /Olexa/"]
[Site "?"]
[Date "2024.12.28"]
[Round "4"]
[White "Levchenko, Alisa"]
[Black "Bucek, Miroslav"]
[Result "1/2-1/2"]
[WhiteElo "1700"]
[BlackElo "1757"]
[PlyCount "63"]
[EventDate "2024.12.??"]

1. d4 d5 2. Nf3 Nf6 3. g3 Bf5 4. Bg2 e6 5. O-O Be7 6. Nbd2 O-O 7. c4 c6 8. b3 Nbd7 9. Bb2 Ne4 10. Re1 Re8 11. Nxe4 Bxe4 12. Nd2 Bxg2 13. Kxg2 Nf6 14. e4 dxe4 15. Nxe4 Qc7 16. Qc2 Rad8 17. Rad1 b6 18. Nxf6+ Bxf6 19. Re3 c5 20. Red3 cxd4 21. Bxd4 Bxd4 22. Rxd4 Rxd4 23. Rxd4 Rd8 24. Qd2 Rxd4 25. Qxd4 h6 26. Qe4 Kf8 27. Qh7 Qe5 28. Qh8+ Ke7 29. Qc8 Qe4+ 30. Kh3 Qf5+ 31. Kg2 Qe4+ 32. Kh3 1/2-1/2

[Event "Brno /Olexa/"]
[Site "?"]
[Date "2024.12.28"]
[Round "4"]
[White "Hayrumyan, Artur"]
[Black "Nisztuk, Michal"]
[Result "0-1"]
[WhiteElo "1721"]
[BlackElo "1622"]
[PlyCount "87"]
[EventDate "2024.12.??"]

1. d4 d5 2. e3 c5 3. c3 cxd4 4. cxd4 Nf6 5. h3 Nc6 6. a3 e5 7. dxe5 Nxe5 8. f4 Ne4 9. Qh5 Ng6 10. Bb5+ Bd7 11. Bxd7+ Qxd7 12. Ne2 Qb5 13. O-O Rc8 14. Nbc3 Qc4 15. Rd1 Nf6 16. Qf5 Be7 17. Rd4 Qc6 18. Nb5 Nh4 19. Qd3 Bc5 20. b4 Bxd4 21. Nexd4 Qa6 22. Bb2 O-O 23. Qe2 Rc4 24. Qf2 Ng6 25. g4 Ne4 26. Qg2 Re8 27. g5 Qb6 28. a4 Rxb4 29. a5 Qd8 30. Nxa7 Nd6 31. a6 Qb6 32. Ba3 Qxa6 33. Qxd5 Rxe3 34. Bxb4 Qxa1+ 35. Kf2 Rd3 36. Qxd6 Qxd4+ 37. Qxd4 Rxd4 38. Bc3 Rxf4+ 39. Kg3 Ra4 40. Nb5 Ne7 41. Kf2 Nd5 42. Be5 Rb4 43. Nd6 b5 44. Ne8 0-1

[Event "Brno /Olexa/"]
[Site "?"]
[Date "2024.12.28"]
[Round "4"]
[White "Sorf, Ivo"]
[Black "Divis, Jan"]
[Result "1-0"]
[WhiteElo "1585"]
[BlackElo "1706"]
[PlyCount "61"]
[EventDate "2024.12.??"]

1. e4 c6 2. d4 d5 3. e5 e6 4. Nf3 Be7 5. Bd3 h6 6. Be3 Nd7 7. a4 a5 8. c3 c5 9. Bb5 c4 10. b3 cxb3 11. Qxb3 Kf8 12. O-O b6 13. Nbd2 Ba6 14. Rfc1 Bxb5 15. Qxb5 Rc8 16. c4 dxc4 17. Rxc4 f5 18. Rac1 Rxc4 19. Qxc4 Kf7 20. d5 exd5 21. Qxd5+ Ke8 22. e6 Nc5 23. Qxf5 Bf6 24. Bxc5 bxc5 25. Qxc5 Ne7 26. Ne4 Bg5 27. Nfxg5 hxg5 28. Nd6+ Kf8 29. Nf7 Qe8 30. Nxh8 Kg8 31. Nf7 1-0

[Event "Brno /Olexa/"]
[Site "?"]
[Date "2024.12.28"]
[Round "4"]
[White "Jurak, Stanislav"]
[Black "Prihoda, Josef"]
[Result "1/2-1/2"]
[WhiteElo "1761"]
[BlackElo "1631"]
[PlyCount "29"]
[EventDate "2024.12.??"]

1. d4 Nf6 2. c4 e6 3. Nc3 Bb4 4. Bd2 d5 5. e3 O-O 6. Nf3 b6 7. cxd5 Nxd5 8. Nxd5 Bxd2+ 9. Qxd2 Qxd5 10. Be2 Bb7 11. O-O Nd7 12. Rfd1 c5 13. Ne1 Qd6 14. Bf3 Bxf3 15. Nxf3 1/2-1/2

[Event "Brno /Olexa/"]
[Site "?"]
[Date "2024.12.28"]
[Round "4"]
[White "Kapustova, Ema"]
[Black "Hala, Pavel"]
[Result "1-0"]
[WhiteElo "1549"]
[BlackElo "1697"]
[PlyCount "55"]
[EventDate "2024.12.??"]

1. e4 d6 2. Nf3 e6 3. Bc4 Nd7 4. O-O Nb6 5. Be2 g6 6. d4 Bg7 7. Nc3 a6 8. Bg5 f6 9. Bf4 Ne7 10. h3 O-O 11. Qd3 Qe8 12. d5 e5 13. Be3 g5 14. Nh2 Ng6 15. Bh5 Qe7 16. Bxg6 hxg6 17. Bd2 Kf7 18. Qf3 Rh8 19. Bxg5 Kg8 20. Be3 Nc4 21. Rab1 Qf7 22. Ng4 f5 23. exf5 Bxf5 24. Rfc1 Re8 25. Ne4 Qd7 26. Ngf6+ Kf7 27. Nxd7 Re7 28. Ng5+ 1-0